Т. 3; Рудные месторождения СССР

Bibliographic Details
Parent link:Рудные месторождения СССР: в 3 т./ под ред. В. И. Смирнова. Т. 3.— 2-е изд., перераб. и доп..— , 1978
Language:Russian
Published: 1978
Subjects:
Format: Book
KOHA link:https://koha.lib.tpu.ru/cgi-bin/koha/opac-detail.pl?biblionumber=34339

MARC

LEADER 00000nam2a2200000 4500
001 34339
005 20231101210229.0
035 |a (RuTPU)RU\TPU\book\34729 
035 |a BOOK00001380 
090 |a 34339 
100 |a 20011210d1978 k y0rusy50 ca 
101 0 |a rus 
102 |a RU 
105 |a a z 001zy 
200 0 |a Т. 3 
210 |d 1978 
215 |a 496 с.  |c ил. 
320 |a Библиогр. в конце разд. 
320 |a Указатель месторождений: с. 488-491 
461 1 |0 (RuTPU)RU\TPU\book\299200  |t Рудные месторождения СССР  |o в 3 т.  |f под ред. В. И. Смирнова  |v Т. 3  |e 2-е изд., перераб. и доп.  |d 1978 
606 1 |a Рудные (металлоносные) месторождения  |2 stltpush  |3 (RuTPU)RU\TPU\subj\26025  |9 50044 
606 1 |a Руды редких металлов  |x Месторождения  |2 stltpush  |3 (RuTPU)RU\TPU\subj\26193  |9 50177 
610 1 |a полезные ископаемые 
610 1 |a геология полезных ископаемых 
610 1 |a металлы 
610 1 |a описания 
610 1 |a примеры 
675 |a 553.3/.4  |v 3 
675 |a 553.493.5  |v 3 
801 0 |a RU  |b 63413507  |c 20011210  |g PSBO 
801 2 |a RU  |b 63413507  |c 20020624  |g PSBO 
801 2 |a RU  |b 63413507  |c 20200904  |g PSBO 
900 |a Геология полезных ископаемых 
942 |c BK